UM Logo

Hybridized space-vector pulsewidth modulation for multiphase two-level voltage source inverter / (Record no. 19536)

MARC details
000 -LEADER
fixed length control field 00970nam a22002177a 4500
003 - CONTROL NUMBER IDENTIFIER
control field OSt
005 - DATE AND TIME OF LATEST TRANSACTION
control field 20250827102736.0
008 - FIXED-LENGTH DATA ELEMENTS--GENERAL INFORMATION
fixed length control field 240305b ||||| |||| 00| 0 eng d
040 ## - CATALOGING SOURCE
Transcribing agency 0
082 ## - DEWEY DECIMAL CLASSIFICATION NUMBER
Classification number DPer 621.317 Ie21 July 2022 v. 37 n. 7
100 ## - MAIN ENTRY--PERSONAL NAME
Personal name Lewicki, Arkadiusz.
Relator term author.
9 (RLIN) 54045
245 ## - TITLE STATEMENT
Title Hybridized space-vector pulsewidth modulation for multiphase two-level voltage source inverter /
Statement of responsibility, etc. Arkadiusz Lewicki, Charles I. Odeh, Dmytro Kondratenko, and Marcin Moraweic
260 ## - PUBLICATION, DISTRIBUTION, ETC. (IMPRINT)
Place of publication, distribution, etc. New York ;
Name of publisher, distributor, etc. The Institute of Electrical and Electronics Engineers, Inc. ,
Date of publication, distribution, etc. July 2022.
300 ## - PHYSICAL DESCRIPTION
Extent volume 37, pages 7663-7674 :
Other physical details illustration ;
Dimensions 28 cm.
500 ## - GENERAL NOTE
General note IEEE Transactions on Power Electronics, vol. 37, no. 7, pages 7663-7674, July 2022.
700 ## - ADDED ENTRY--PERSONAL NAME
Personal name Lewicki, Arkadiusz.
Relator term author.
9 (RLIN) 54045
700 ## - ADDED ENTRY--PERSONAL NAME
Personal name Odeh, Charles I.
Relator term author.
9 (RLIN) 54046
700 ## - ADDED ENTRY--PERSONAL NAME
Personal name Kondratenko, Dmytro.
Relator term author.
9 (RLIN) 54047
700 ## - ADDED ENTRY--PERSONAL NAME
Personal name Moraweic, Marcin.
Relator term author.
9 (RLIN) 54048
942 ## - ADDED ENTRY ELEMENTS (KOHA)
Source of classification or shelving scheme Dewey Decimal Classification
Koha item type Periodicals
Holdings
Withdrawn status Lost status Source of classification or shelving scheme Damaged status Not for loan Collection code Home library Current library Date acquired Total Checkouts Full call number Date last seen Price effective from Koha item type Public note
    Dewey Decimal Classification     Periodicals UM Digos College - LIC UM Digos College - LIC 03/05/2024   DPer 621.317 Ie21 July 2022 v. 37 n. 7 03/05/2024 03/05/2024 Periodicals Periodical Article